| 000 | 00864nam a2200217 i 4500 | ||
|---|---|---|---|
| 001 | 161370 | ||
| 003 | ES-MaACL | ||
| 005 | 20250303062545.0 | ||
| 008 | 950614q1896 sp |||| | spa d | ||
| 100 | 1 |
_aPardo Bazán, Emilia, _cCondesa de, _d1851-1921 _9176434 |
|
| 245 | 1 | 0 |
_aMemorias de un solterón / _cEmilia Pardo Bazán. |
| 260 |
_aMadrid : _bAdministración, calle de S. Bernardo, 37, _c[1896] ( _fEstab. Tip. de Agustín Avrial) |
||
| 300 |
_a267 p. ; _c21 cm. |
||
| 490 | 1 |
_aObras completas de Emilia Pardo Bazán ; _v14 |
|
| 530 | _aDisponible en formato digital. | ||
| 830 | 0 |
_aObras completas de Emilia Pardo Bazán ; _v14 _9176456 |
|
| 852 |
_aES-MaACL _jB-4093 _z- Enc. hol., conservando cub. original |
||
| 856 |
_uhttp://bdh-rd.bne.es/viewer.vm?id=0000201178&page=1 _zBiblioteca Digital Hispánica |
||
| 942 | _2udc | ||
| 999 |
_c161370 _d161370 |
||